Statistics for Most Common Words in the Bible (1-250)

Click here to take the quiz!

General Stats

  • This quiz has been taken 3,149 times
  • The average score is 115 of 250

Answer Stats

RankWord% Correct
10A
99%
14I
98%
2The
98%
80Go
97%
7He
95%
100O
94%
65An
92%
28God
91%
17Be
90%
125Jesus
88%
55So
88%
58You
88%
18Is
87%
77No
87%
6In
86%
78We
86%
130She
85%
84Do
84%
36Me
84%
5To
84%
1And
83%
8For
83%
66On
83%
79Her
82%
16Not
78%
3Of
78%
23It
76%
15They
76%
24Thou
76%
40Ye
76%
46Man
74%
51There
73%
12His
72%
101Who
72%
89Your
72%
35My
71%
21Him
70%
11Lord
70%
63Son
70%
37Will
70%
133Am
69%
32As
69%
4That
69%
38When
69%
41Are
68%
221Where
68%
62One
67%
165See
67%
19Them
67%
126Father
66%
31Have
66%
231Sin
66%
34Their
66%
92Us
66%
166Heaven
65%
102Our
65%
13Shall
65%
42This
65%
60Come
64%
110What
64%
70Day
63%
59King
63%
107Say
63%
141Two
63%
49Up
63%
20With
63%
22All
62%
114Give
62%
30From
61%
33Thy
61%
245Woman
60%
69At
59%
25But
59%
180How
59%
207Three
59%
234Water
59%
193Ever
58%
29Said
58%
48Then
58%
47By
56%
104Earth
56%
136Good
56%
27Has
55%
74If
55%
192Life
55%
56Into
54%
43Were
54%
99Down
53%
44Out
53%
53Had
52%
52People
52%
39Thee
52%
176Those
52%
162Holy
51%
50Israel
51%
67Men
51%
171Mine
51%
112Over
51%
134Should
51%
205Would
51%
88Let
50%
103Make
50%
122Take
50%
81Went
50%
64Before
49%
105Did
49%
113Or
49%
236Sea
49%
244Under
49%
54Came
48%
143Moses
48%
153Word
48%
183Here
47%
76Land
47%
90These
47%
95After
46%
132David
46%
163Done
46%
188Gave
46%
9Unto
46%
71Children
45%
226Death
45%
87Hand
45%
145Know
45%
151More
45%
187Than
45%
147Time
45%
154Like
44%
127Name
44%
208Spirit
44%
72Now
43%
200Off
43%
172Saw
43%
203Christ
42%
164Evil
42%
94Because
41%
170Eat
41%
68House
41%
97Every
40%
160Many
40%
26Which
40%
242Been
39%
216First
39%
75Made
39%
106May
39%
118Any
38%
197Eye
38%
121Thine
38%
198Through
38%
83Even
37%
232Seven
37%
189Art
36%
128Heart
36%
250Old
36%
131Took
36%
161Way
36%
185Might
35%
150Again
34%
96Great
34%
195Other
34%
93Shalt
34%
196Speak
34%
142Whom
34%
158Nor
33%
179Thing
33%
177Egypt
32%
174Fire
32%
212Soul
32%
219Without
32%
246Dead
31%
116Put
31%
168Hundred
30%
123Jerusalem
30%
45Upon
30%
240Wife
30%
124City
29%
129Days
29%
220Peace
29%
148Thus
29%
239Blood
28%
218Glory
28%
238Work
28%
146Yet
28%
157About
27%
61Also
27%
249Much
27%
144Place
27%
209Thousand
27%
73Against
26%
182Given
26%
186High
26%
181Law
26%
237Left
26%
108Sons
26%
85Therefore
26%
233Face
25%
199Fear
25%
155Heard
25%
247None
25%
169Words
25%
213Years
25%
149Bring
24%
222Gold
24%
152Judah
24%
206Priest
24%
224Being
23%
201Command
23%
194Hands
23%
235Keep
23%
223Mouth
23%
109Away
22%
57Hath
22%
98Saith
22%
137Set
22%
159Own
21%
111Hast
20%
248Taken
20%
86Things
20%
91Behold
19%
120Brought
19%
184Fathers
19%
117Among
18%
135Pass
18%
229Sword
18%
211Another
17%
119Either
17%
115Forth
17%
82Saying
17%
214Servant
17%
217Found
16%
178Himself
16%
227Priests
16%
175Together
16%
243Flesh
15%
173Spake
15%
202Voice
15%
190Cast
14%
228Cities
14%
139Sent
14%
215Themselves
14%
191Answered
13%
230Both
13%
156Called
13%
210Servants
12%
167Brethren
11%
204Offering
11%
225Wherefore
11%
241Wicked
10%
140Thereof
9%
138According
7%

Score Distribution

Percentile by Number Answered

Percent of People with Each Score

Your Score History

You have not taken this quiz